00974 2200361 4500001002100000005001700021008004100038020002200079035002400101040001200125082001000137084001600147100002400163245007800187250001100265260003300276300003500309650002100344700002100365700002200386700001200408850001200420990001800432990001800450990001800468990001800486990001800504990001800522990001800540990001800558990001800576990001800594INLIS00000000002288520160923095709.0  a978-602-213-026-0 0010-091600000000657 aYOPDYOG a745.5 a745.5 Dia S aDian Kusuma Wardani aSajadah & Mukena Percac/ Dian Kusuma Wardani, dkk. ; penyunting, Septi R aCet. 2 aJakartabKriya Pustakac2015 aiv, 76 hlm.b: ilus.c; 21 cm. aKerajinan Tangan aNurlia Rahayu P. aRobikka Wijayanti aSepti R aYOPDYOG a13329-KS/B.16 a13330-KS/B.16 a13331-KS/B.16 a13332-KS/B.16 a13333-KS/B.16 a13334-KS/B.16 a13335-KS/B.16 a13336-KS/B.16 a13337-KS/B.16 a13338-KS/B.16